000 00417nam a2200169Ia 4500
003 OSt
005 20251115114026.0
008 250729s2005 xx 000 0 und d
040 _cAL
041 _akan
082 _a910 BASB
100 _aಬಸವಾ ಕೆ ಡಿ
_9224412
245 _aಭೂಗೋಳಶಾಸ್ತ್ರ(I PUC)
260 _aHubli
_c2005
650 _aGeography
_9224413
942 _2ddc
_cBED
999 _c236393
_d236393